000 00396nam a2200157Ia 4500
003 Ost
005 20260225132557.0
008 260225s9999||||xx |||||||||||||| ||und||
040 _cfsic
041 _afre
082 _a302.23
100 _aMohamed Larbi MADACI
_eAuteur
245 0 _aLes tamiseurs de sable :
245 0 _bAurés-Nememche 1954-1959 /
_cMohamed Larbi MADACI
942 _cكتاب
999 _c34509
_d34509